000 01886nam a2200241Ia 4500
003 Ost
005 20260416102350.0
008 260416s9999||||xx |||||||||||||| ||und||
040 _cfsecg
041 _aara
082 _a658.8
100 _aبلحيمر ابراهيم
_eمؤلف
245 0 _aمبادئ التسويق /
_cإبراهيم بلحيمر
260 _aالجزائر
_bجامعة الجزائر3: كلية العلوم الإقتصادية، العلوم التجارية وعلوم التسيير
_c2006
300 _a191 ورقة
_bايضاحات
_c30 سم
504 _aببليوغرافيا: ص.186
520 _aمفهوم التسويق، أهداف وظائف وأهمية التسويق، البيئة التسويقية، المفاهيم الأساسية للسوق، دراسة السوق، سلوك المستهلك، تقسيم السوق، خطوات اعداد دراسة السوق، نظام المعلومات التسويقية، بحوث التسويق، المجالات التطبيقية لبحوث التسويق، المنهج العلمي والقيام ببحوث التسويق، المنتج، تصنيف المنتجات، الاستراتيجيات المتعلقة بالمنتج، تطوير المنتجات الجديدة، التسعير، الطرق المتبعة والعوامل المؤثرة في تحديد السعر، استراتيجيات التسعير،، التوزيع، قنوات التوزيع، استراتيجيات التوزيع، الترويج، التسويق الصناعي، التسويق الدولي
653 _aادارة الاعمال
653 _aادارة المبيعات
653 _aالتسويق
710 _aجامعة الجزائر3: كلية العلوم الإقتصادية، العلوم التجارية وعلوم التسيير
_eناشر علمي
942 _cHANDOUT
999 _c40966
_d40966